Catálogo de especies tintoreas del bosque altoandino : (Registro nro. 4526)

Detalles MARC
000 -CABECERA
Campo de control 01410nam a2200229 a 4500
005 - FECHA Y HORA DE LA ULTIMA TRANSACCION
Campo de control 20151001020002.0
008 - ELEMENTOS DE LONGITUD FIJA—INFORMACION GENERAL
Campo de control 131205b2004 ck ||||| |||| 00| 0 spa d
041 ## - IDIOMA
Código de idioma para texto/pista de sonido o título separado Español
044 ## - PAÍS DE PUBLICACIÓN
País de publicación Colombia
090 ## - CLASIFICACIÓN LOCAL
Colección IAVH
Consecutivo 00329
100 1# - ASIENTO PRINCIPAL--NOMBRE PERSONAL
Nombre personal Ariza Vargas, Luz Aida
245 10 - MENCION DE TITULO
Título Catálogo de especies tintoreas del bosque altoandino :
Parte restante del título la naturaleza se viste de color
Mención de responsabilidad Luz Aida Ariza Vargas
260 ## - PUBLICACION, DISTRIBUCION, ETC. (PIE DE IMPRENTA)
Lugar de publicación, distribución, etc. Bogotá
Nombre del editor, distribuidor, etc. Instituto de Investigación de Recursos Biológicos Alexander von Humboldt
-- Asociación de Veredas de La Calera
Fecha de publicación, distribución, etc. 2004
300 ## - DESCRIPCION FISICA
Extensión 72 p.
Otros detalles físicos il.
Dimensiones 28 cm.
520 ## - NOTA DE RESUMEN, ETC.
Nota de resumen La Asociación de Veredas de la Calera, agremiación campesina, trabaja en producción artesanal de artículos elaborados en lana virgen y tinturados con especies vegetales presentes en la región, utilizando únicamente las hojas, con el fin de no dañar el resto de la planta. Se adelantan ensayos con especies con potencial tintóreo en otras partes de las plantas, como corteza, flores, frutos y ramas. El catálogo presenta los resultados de una investigación sobre especies del bosque altoandino, con características tintóreas y utilizadas por las mujeres campesinas socias de la AVC
650 #6 - ASIENTO SECUNDARIO DE MATERIA - TERMINO TEMATICO
Término temático o nombre geográfico como elemento de entrada Especies tintóreas
650 #4 - ASIENTO SECUNDARIO DE MATERIA - TERMINO TEMATICO
Término temático o nombre geográfico como elemento de entrada Proceso de tinturado
650 #4 - ASIENTO SECUNDARIO DE MATERIA - TERMINO TEMATICO
Término temático o nombre geográfico como elemento de entrada Índice de especies
Subdivisión general Características
700 1# - ASIENTO SECUNDARIO - NOMBRE PERSONAL
Nombre personal Losada-Campos, Diego
942 ## - ELEMENTOS ADICIONALES (KOHA)
Tipo de ítem Informe Técnico
Sistema de clasificación Local
Koha issues (borrowed), all copies 3
945 ## - PROCESAMIENTO LOCAL
AAAA-MM-DD - Fecha de ingreso o modificacion 2005-05-25
Existencias
Withdrawn status Lost status Sistema de Clasificación Damaged status No para préstamo Colección Inventariado Ubicación Permanente Ubicación actual Fecha de adquisición Total Checkouts Número topográfico Inventario / Código de Barras Date last seen Date checked out Ejemplar Price effective from Forma de adquisición Tipo de material
    Local     Humboldt Inventariado 2017 Bogotá Bogotá 25/05/2005 4 IAVH-00329 018968 09/08/2024 23/10/2018 Ej. 1 04/12/2012   Informe Técnico